01789nam a2200217 a 4500008004100000020001500041041000800056092001700064100002400081245005200105250004400157260003500201300001100236500009000247505093200337590006101269655002101330942001301351999001501364952019201379180208t2001 ag ||||gr|||| 00| 0 spa d a9504907210 aspa c808l13sCOE1 aCoelho, Paulo929233 aEl demonio y la señorita Prym /cPaulo Coelho a1a ed.bTraducción M. Dolors Ventós aBuenos Aires:bPlaneta;c2001. a201 p. aCoelho, P. (2001). El demonio y la señorita Prym. (1a ed.). Buenos Aires : Planeta. aUna comunidad dividida por la codicia,la cobardía y el miedo. Un hombre perseguido por el fantasma de un pasado doloroso. Una joven en busca de la felicidad. Siete días, un breve período durante el cual el Bien y el Mal librarán una batalla decisiva y cada personaje decidirá a cuál de los bandos pertenece. La pequeña localidad de Viscos, perdida en el tiempo y espacio, será el marco de esa inquietante lucha. Con la llegada de un extranjero, la ciudad se convierte en cómplice de una trama perversa que marcará para siempre la historia de sus escasos habitantes. El extranjero ha viajado desde muy lejos buscando la respuesta a una pregunta que lo atormenta: en su esencia, ¿el ser humano es bueno o malo?. El Demonio y la señorita Prym es un texto emocionante, una novela cargada de tensión que plantea una cuestión esencial sobre la que todos nosotros nos hemos parado a reflexionar alguna vez. aProyecto 4to Libro. Donación Pardo, Paula. marzo 2020. aLiteratura92917 2ddccLIT c3082d3082 00102ddc4070aBFMbBFMcCRd2020-03-11eDonación Pardo, Paula. marzo 2020l1m3o808 13 COEp4648r2021-03-31s2020-03-16tEj. 1w2020-03-11yLITzDonación Pardo, Paula. Marzo 2020